[Event "Mistrovstvi CR senioru nad 60 let"]
[Site "?"]
[Date "2017.08.22"]
[Round "4"]
[White "Pilar, Miloslav"]
[Black "Briza, Jiri"]
[Result "0-1"]
[WhiteElo "2160"]
[BlackElo "1938"]
[PlyCount "106"]
[EventDate "2017.08.19"]

1. Nf3 Nf6 2. c4 c5 3. g3 g6 4. Bg2 Bg7 5. O-O O-O 6. d4 cxd4 7. Nxd4 Nc6 8.
Nc3 Re8 9. Qd2 Nxd4 10. Qxd4 d6 11. Qd2 Rb8 12. b3 Bd7 13. Bb2 Bc6 14. e4 Qa5
15. Rfe1 Qb6 16. Rab1 Ng4 17. Re2 h5 18. h3 Nf6 19. Kh2 Rbd8 20. Ba1 a5 21.
Rbe1 e6 22. f4 Qc5 23. Qc1 b5 24. e5 Nd7 25. Bxc6 Qxc6 26. Nxb5 dxe5 27. fxe5
Nc5 28. Nd4 Rxd4 29. Bxd4 Nd3 30. Qe3 Nxe1 31. Rxe1 a4 32. Qc3 axb3 33. axb3
Ra8 34. Re2 Ra3 35. c5 Bh6 36. h4 Qd5 37. Qc4 Qc6 38. Rg2 Bf8 39. Qb4 Ra7 40.
Qb6 Qa8 41. b4 Ra2 42. Bb2 Bg7 43. Qd6 Bf8 44. Qd7 Ra7 45. Qd4 Qc6 46. Rc2 Rd7
47. Qc4 Rd1 48. Rg2 Rd5 49. Bd4 Rd8 50. b5 Qe4 51. Re2 Qg4 52. Rg2 Rxd4 53. Qb3
Bxc5 0-1

[Event "Mistrovstvi CR senioru nad 60 let"]
[Site "?"]
[Date "2017.08.22"]
[Round "4"]
[White "Salac, Jiri"]
[Black "Novotny, Josef"]
[Result "1-0"]
[WhiteElo "2056"]
[BlackElo "2045"]
[PlyCount "101"]
[EventDate "2017.08.19"]

1. d4 e6 2. c4 d6 3. e4 Nc6 4. Nf3 Nf6 5. Nc3 g6 6. Be3 Bg7 7. h3 O-O 8. Qd2 e5
9. dxe5 dxe5 10. Rd1 Qxd2+ 11. Rxd2 h6 12. Be2 Be6 13. O-O Nh5 14. Nd5 Bxd5 15.
cxd5 Nd8 16. Rc1 c6 17. Ne1 Nf4 18. Bf1 cxd5 19. exd5 f5 20. g3 Nh5 21. Rc7 Nf6
22. Bc4 Ne8 23. Rd7 Kh8 24. Nd3 Rc8 25. Bb3 Nf6 26. Re7 Ne4 27. Rc2 Rxc2 28.
Bxc2 Bf6 29. Rd7 Ng5 30. Kg2 Rf7 31. Nxe5 Bxe5 32. Rxd8+ Kg7 33. f4 Bf6 34. Re8
Nh7 35. Bxa7 Bxb2 36. Bb3 Nf6 37. Re2 Bc3 38. Bc5 Ne4 39. Ba3 b5 40. Bc2 b4 41.
Bc1 Nc5 42. Be3 Nb7 43. Bb6 Nd6 44. Re6 Nc4 45. Bb3 Nxb6 46. Rxb6 Re7 47. Kf3
Bd2 48. d6 Re3+ 49. Kf2 Rd3 50. Rb7+ Kf8 51. Rb8+ 1-0

[Event "Mistrovstvi CR senioru nad 60 let"]
[Site "?"]
[Date "2017.08.22"]
[Round "4"]
[White "Pribyl, Jaroslav"]
[Black "Lorenc, Oldrich"]
[Result "1/2-1/2"]
[WhiteElo "1944"]
[BlackElo "2055"]
[PlyCount "46"]
[EventDate "2017.08.19"]

1. e4 d5 2. exd5 Nf6 3. d4 Nxd5 4. Nf3 Nf6 5. Nc3 Bg4 6. h3 Bh5 7. g4 Bg6 8.
Ne5 Nbd7 9. Nxg6 hxg6 10. Bg2 c6 11. d5 cxd5 12. Nxd5 Rb8 13. Nxf6+ gxf6 14.
Be3 Qa5+ 15. c3 e6 16. b4 Qc7 17. Rc1 b6 18. Qe2 Bd6 19. a3 Bf4 20. Bxf4 Qxf4
21. O-O O-O 22. Qe4 Qxe4 23. Bxe4 f5 1/2-1/2

[Event "Mistrovstvi CR senioru nad 60 let"]
[Site "?"]
[Date "2017.08.22"]
[Round "4"]
[White "Drabek, Miloslav"]
[Black "Lexa, Vaclav"]
[Result "1-0"]
[WhiteElo "2036"]
[BlackElo "1862"]
[PlyCount "51"]
[EventDate "2017.08.19"]

1. d4 d5 2. Nf3 Nf6 3. c4 e6 4. g3 b6 5. Bg2 Bb7 6. O-O Nbd7 7. cxd5 exd5 8. a3
Be7 9. Nc3 O-O 10. Bf4 Re8 11. Rc1 c6 12. Qc2 Rc8 13. Bh3 h6 14. Ne5 g5 15. Be3
Bd6 16. Nxd7 Nxd7 17. Qf5 Rc7 18. Nxd5 cxd5 19. Rxc7 Qxc7 20. Qxd7 Qb8 21. Rc1
Ba6 22. Rc6 Bxg3 23. hxg3 Rxe3 24. Rc7 Qe8 25. fxe3 Qxe3+ 26. Kh1 1-0

[Event "Mistrovstvi CR senioru nad 60 let"]
[Site "?"]
[Date "2017.08.22"]
[Round "4"]
[White "Hlavac, Frantisek"]
[Black "Vlachopulos, Georgis"]
[Result "1/2-1/2"]
[WhiteElo "1964"]
[BlackElo "1844"]
[PlyCount "27"]
[EventDate "2017.08.19"]

1. e4 c5 2. f4 Nc6 3. Nf3 Nf6 4. Nc3 d6 5. Bb5 Bd7 6. O-O a6 7. Be2 Nd4 8. d3
Nxe2+ 9. Qxe2 e6 10. e5 Ng8 11. Kh1 d5 12. f5 Be7 13. h3 h5 14. d4 1/2-1/2

[Event "Mistrovstvi CR senioru nad 60 let"]
[Site "?"]
[Date "2017.08.22"]
[Round "4"]
[White "Humlicek, Vojtech"]
[Black "Wiedermann, Jan"]
[Result "1-0"]
[WhiteElo "1953"]
[BlackElo "1827"]
[PlyCount "163"]
[EventDate "2017.08.19"]

1. e4 c5 2. Nf3 g6 3. d4 Bg7 4. Nc3 cxd4 5. Nxd4 Nc6 6. Be3 a6 7. Qd2 e6 8. h4
h5 9. O-O-O Nf6 10. f3 e5 11. Nxc6 bxc6 12. Qd6 Qe7 13. Qc7 O-O 14. Qa5 d6 15.
Be2 Be6 16. Qb6 Bd7 17. Qc7 Ne8 18. Qa5 Nf6 19. Qa3 c5 20. Bc4 Be6 21. Bd5 Bxd5
22. Nxd5 Nxd5 23. Rxd5 Rfd8 24. g4 hxg4 25. fxg4 Qd7 26. g5 Qg4 27. Qd3 Qf3 28.
Rf1 c4 29. Rxf3 cxd3 30. Rxd3 Bf8 31. c4 Rdc8 32. b3 Rc6 33. Rf1 Rac8 34. Rh1
Kg7 35. Bd2 Rb8 36. h5 gxh5 37. Rxh5 Kg6 38. Rh8 Rbc8 39. Rdh3 Bg7 40. Rxc8
Rxc8 41. Kb2 f5 42. gxf6 Kxf6 43. Bh6 Bh8 44. Rf3+ Ke7 45. Ka3 Bf6 46. Bd2 Ke6
47. Rf2 Rg8 48. Ka4 Bd8 49. Ba5 Bh4 50. Re2 Kd7 51. b4 Rc8 52. Kb3 Kc6 53. a4
Bg5 54. b5+ axb5 55. cxb5+ Kb7 56. Bb4 Rd8 57. Kc4 Be7 58. a5 d5+ 59. exd5 Bxb4
60. Kxb4 Rxd5 61. Kc4 Rd4+ 62. Kc5 Rd1 63. Rxe5 Rc1+ 64. Kd6 Rd1+ 65. Rd5 Ra1
66. b6 Rc1 67. Rb5 Ra1 68. Rc5 Rd1+ 69. Rd5 Rc1 70. Rb5 Rd1+ 71. Ke5 Ra1 72.
Kd4 Ra4+ 73. Ke5 Rh4 74. Rc5 Ka6 75. Rd5 Rb4 76. Kd6 Rb1 77. Kc7 Rc1+ 78. Kb8
Rh1 79. Rd7 Rh8+ 80. Kc7 Rh4 81. b7 Rc4+ 82. Kb8 1-0

[Event "Mistrovstvi CR senioru nad 60 let"]
[Site "?"]
[Date "2017.08.22"]
[Round "4"]
[White "Kotyza, Bohumil"]
[Black "Horak, Vladimir"]
[Result "1/2-1/2"]
[WhiteElo "1810"]
[BlackElo "1946"]
[PlyCount "74"]
[EventDate "2017.08.19"]

1. c4 e6 2. Nc3 Nf6 3. Nf3 d5 4. d4 Be7 5. e3 O-O 6. Bd3 b6 7. cxd5 exd5 8. O-O
Bb7 9. b3 Nbd7 10. Bb2 Ne4 11. Rc1 Nxc3 12. Rxc3 Bd6 13. Bb1 Nf6 14. Rc1 Ba6
15. Bd3 Bxd3 16. Qxd3 a5 17. a4 Re8 18. Qb5 Qd7 19. Qxd7 Nxd7 20. Rc2 f6 21.
Rfc1 Nb8 22. Kf1 Na6 23. Bc3 Kf7 24. h3 Ke7 25. Ke2 Kd7 26. Kd3 Rab8 27. Kd2
Rb7 28. Ne1 Ra8 29. Nd3 g5 30. g3 Re8 31. Ke2 Rbb8 32. Kf3 h5 33. Re1 Re4 34.
Rce2 Ra8 35. Kg2 Rae8 36. f3 R4e7 37. e4 Nb4 1/2-1/2

[Event "Mistrovstvi CR senioru nad 60 let"]
[Site "?"]
[Date "2017.08.22"]
[Round "4"]
[White "Sobotnik, Petr"]
[Black "Majerik, Vladimir"]
[Result "1/2-1/2"]
[WhiteElo "1920"]
[BlackElo "1809"]
[PlyCount "32"]
[EventDate "2017.08.19"]

1. c4 c6 2. d4 d5 3. cxd5 cxd5 4. Bf4 Nc6 5. Nc3 a6 6. e3 Nf6 7. Bd3 e6 8. Nf3
Be7 9. Rc1 O-O 10. O-O Bd7 11. Ng5 g6 12. Nf3 Nh5 13. Bg3 Rc8 14. Ne2 Nxg3 15.
hxg3 Bf6 16. Qd2 Qa5 1/2-1/2

[Event "Mistrovstvi CR senioru nad 60 let"]
[Site "?"]
[Date "2017.08.22"]
[Round "4"]
[White "Oburka, Vladislav"]
[Black "Kohout, Jan"]
[Result "1/2-1/2"]
[WhiteElo "1819"]
[BlackElo "1919"]
[PlyCount "138"]
[EventDate "2017.08.19"]

1. e4 c5 2. Nf3 d6 3. d4 cxd4 4. Nxd4 Nf6 5. Nc3 a6 6. Bc4 e6 7. Be3 b5 8. Bd3
Be7 9. a3 Bb7 10. O-O O-O 11. f3 Nbd7 12. Qe1 Ne5 13. Be2 d5 14. exd5 Nxd5 15.
Nxd5 Bxd5 16. Rd1 Rc8 17. c3 Nc4 18. Bxc4 bxc4 19. Kh1 Bh4 20. Qe2 Qc7 21. Qd2
Rfd8 22. Bg5 Bxg5 23. Qxg5 Rb8 24. Rd2 h6 25. Qe3 Rb6 26. Rb1 Qd6 27. h3 Rdb8
28. Qf2 Qc7 29. Kg1 Qb7 30. Qe2 Qa7 31. Kh1 Qc7 32. Qf2 g6 33. f4 Be4 34. Re1
Qb7 35. Kg1 a5 36. g4 a4 37. h4 Bd3 38. f5 exf5 39. gxf5 gxf5 40. Nxf5 Rg6+ 41.
Ng3 Kh7 42. Re3 Rbg8 43. Qf4 Rg4 44. Qe5 Qb6 45. Rg2 Be4 46. Kf2 Bxg2 47. Qf5+
Qg6 48. Qxg6+ R8xg6 49. Kxg2 Kg7 50. Kf2 Rxg3 51. Rxg3 Rxg3 52. Kxg3 Kf6 53.
Kf4 Ke6 54. Ke4 f5+ 55. Kd4 Kd6 56. Kxc4 Ke5 57. Kd3 Kd5 58. Ke3 Ke5 59. Kf3 f4
60. c4 Kd4 61. Kxf4 Kxc4 62. Kf5 Kb3 63. Kg6 Kxb2 64. Kxh6 Kxa3 65. Kg6 Kb2 66.
h5 a3 67. h6 a2 68. h7 a1=Q 69. h8=Q+ Kb1 1/2-1/2

[Event "Mistrovstvi CR senioru nad 60 let"]
[Site "?"]
[Date "2017.08.22"]
[Round "4"]
[White "Kasik, Miroslav"]
[Black "Novotny, Jaroslav"]
[Result "1/2-1/2"]
[WhiteElo "1809"]
[BlackElo "1914"]
[PlyCount "27"]
[EventDate "2017.08.19"]

1. d4 Nf6 2. c4 e6 3. Nf3 d5 4. e3 Be7 5. Nc3 O-O 6. Bd3 dxc4 7. Bxc4 b6 8. O-O
Bb7 9. a3 Nbd7 10. Qe2 Ne4 11. Nxe4 Bxe4 12. Rd1 Bd6 13. Bd3 Bxd3 14. Rxd3
1/2-1/2

[Event "Mistrovstvi CR senioru nad 60 let"]
[Site "?"]
[Date "2017.08.22"]
[Round "4"]
[White "Bednar, Jiri"]
[Black "Tsapanidis, Vasilis"]
[Result "1/2-1/2"]
[WhiteElo "1891"]
[BlackElo "1807"]
[PlyCount "160"]
[EventDate "2017.08.19"]

1. e4 e5 2. Nf3 d6 3. d4 exd4 4. Nxd4 g6 5. Bc4 Bg7 6. Nc3 Nf6 7. Bb3 O-O 8.
O-O Nbd7 9. Bg5 h6 10. Bh4 c6 11. Bg3 Nc5 12. Re1 Nxb3 13. Nxb3 d5 14. exd5
Nxd5 15. Nxd5 Qxd5 16. Qxd5 cxd5 17. c3 b6 18. Be5 f6 19. Bd4 Kf7 20. Re3 Re8
21. Rxe8 Kxe8 22. Re1+ Kf7 23. Nd2 Be6 24. Nf1 h5 25. f4 Bh6 26. Be3 Re8 27.
Rd1 Re7 28. a3 b5 29. Kf2 a6 30. Nd2 Rc7 31. Nb3 Bf8 32. h3 Bd6 33. Kf3 Rc8 34.
Nd4 Bd7 35. Nc2 Be6 36. Bf2 Rd8 37. Bb6 Rd7 38. g4 hxg4+ 39. hxg4 Rb7 40. Bf2
Be7 41. Ne3 Bc5 42. f5 gxf5 43. Nxf5 Bxf5 44. gxf5 Bxf2 45. Kxf2 Rd7 46. Ke3
Ke7 47. Kd4 Kd6 48. Re1 Kc6 49. Re6+ Rd6 50. Re7 Kb6 51. b3 Kc6 52. a4 bxa4 53.
bxa4 Kb6 54. Rf7 Kc6 55. a5 Kb5 56. Rf8 Kxa5 57. Kc5 Rb6 58. Kxd5 Rb5+ 59. Ke6
Rb6+ 60. Kf7 Rc6 61. Rb8 Rxc3 62. Kxf6 Rf3 63. Ke6 Ka4 64. f6 Re3+ 65. Kd7 Rf3
66. Ke7 Re3+ 67. Kf8 a5 68. f7 Ka3 69. Kg7 Rg3+ 70. Kf6 a4 71. Ke5 Rf3 72.
f8=Q+ Rxf8 73. Rxf8 Ka2 74. Kd4 a3 75. Rf2+ Kb3 76. Rf3+ Kb2 77. Kc4 a2 78.
Rf2+ Ka3 79. Rf3+ Kb2 80. Rb3+ Kc1 1/2-1/2

[Event "Mistrovstvi CR senioru nad 60 let"]
[Site "?"]
[Date "2017.08.22"]
[Round "4"]
[White "Kopij, Jozef"]
[Black "Portych, Vaclav"]
[Result "0-1"]
[WhiteElo "1359"]
[BlackElo "1869"]
[PlyCount "58"]
[EventDate "2017.08.19"]

1. e4 c5 2. Nf3 Nc6 3. Bb5 d6 4. Bxc6+ bxc6 5. h3 Nf6 6. d3 g6 7. O-O Bg7 8. c3
O-O 9. Be3 Rb8 10. Qd2 Ba6 11. c4 Qb6 12. b3 Nxe4 13. dxe4 Bxa1 14. Na3 Bg7 15.
Bh6 Qb4 16. Bxg7 Qxd2 17. Nxd2 Kxg7 18. Nc2 d5 19. Re1 dxc4 20. Nxc4 Bxc4 21.
bxc4 Rb2 22. Ne3 Rxa2 23. Rd1 Rb8 24. Rd7 Rb1+ 25. Kh2 Rxf2 26. Rxe7 Re2 27.
Ng4 Rbb2 28. e5 Rxg2+ 29. Kh1 Rge2 0-1

[Event "Mistrovstvi CR senioru nad 60 let"]
[Site "?"]
[Date "2017.08.23"]
[Round "5"]
[White "Briza, Jiri"]
[Black "Chudinovskikh, Alexander M"]
[Result "0-1"]
[WhiteElo "1938"]
[BlackElo "2229"]
[PlyCount "62"]
[EventDate "2017.08.19"]

1. Nf3 Nf6 2. b3 d5 3. Bb2 e6 4. e3 a5 5. a3 Be7 6. d4 O-O 7. Nbd2 b6 8. Ne5
Nfd7 9. Ndf3 f6 10. Nxd7 Nxd7 11. Bd3 Ba6 12. O-O Bxd3 13. Qxd3 f5 14. Ne5 Nxe5
15. dxe5 a4 16. Rfd1 c6 17. c4 axb3 18. Qxb3 Qd7 19. cxd5 cxd5 20. Rac1 Bc5 21.
a4 f4 22. Bd4 fxe3 23. fxe3 Qf7 24. Rf1 Qg6 25. Rxf8+ Rxf8 26. Qb5 Bxd4 27.
exd4 Qf5 28. h3 Qf2+ 29. Kh1 Qxd4 30. Rb1 h6 31. Qxb6 Rf1+ 0-1

[Event "Mistrovstvi CR senioru nad 60 let"]
[Site "?"]
[Date "2017.08.23"]
[Round "5"]
[White "Mlynek, Petr"]
[Black "Salac, Jiri"]
[Result "1-0"]
[WhiteElo "2094"]
[BlackElo "2056"]
[PlyCount "63"]
[EventDate "2017.08.19"]

1. d4 d5 2. c4 e6 3. Nf3 Nf6 4. g3 c6 5. Qc2 Be7 6. Bg2 O-O 7. O-O Nbd7 8. Nbd2
b6 9. e4 dxe4 10. Nxe4 Bb7 11. Rd1 (11. Qe2 Qc7 12. Bf4) 11... Nxe4 12. Qxe4
Nf6 13. Qe2 Qc7 14. Bf4 Bd6 15. Ne5 Nd7 16. c5 Bxe5 17. Bxe5 Nxe5 18. dxe5 bxc5
19. Rd6 Rfd8 20. Rad1 Rxd6 21. exd6 Qb6 22. Qe5 Rd8 23. d7 Ba6 24. Qd6 Bc4 25.
Qe7 g6 26. Bxc6 Bxa2 27. Ra1 Bd5 28. Bxd5 exd5 29. Ra6 Qb8 30. Rf6 Rf8 31. Rxf7
Rxf7 32. d8=Q+ 1-0

[Event "Mistrovstvi CR senioru nad 60 let"]
[Site "?"]
[Date "2017.08.23"]
[Round "5"]
[White "Lorenc, Oldrich"]
[Black "Humlicek, Vojtech"]
[Result "1-0"]
[WhiteElo "2055"]
[BlackElo "1953"]
[PlyCount "125"]
[EventDate "2017.08.19"]

1. e4 c5 2. Nc3 d6 3. f4 g6 4. Nf3 Bg7 5. Bb5+ Bd7 6. Qe2 Bxb5 7. Qxb5+ Qd7 8.
a4 Nc6 9. O-O Nd4 10. Nxd4 cxd4 11. Nd5 Rc8 12. c3 e6 13. Nb4 Ne7 14. Qd3 Nc6
15. Nc2 dxc3 16. dxc3 O-O 17. Be3 Rfd8 18. Rfd1 Qc7 19. Qb5 b6 20. f5 Be5 21.
Bg5 f6 22. Be3 gxf5 23. exf5 exf5 24. Nd4 Qd7 25. Qd5+ Kh8 26. Rf1 Ne7 27. Qf3
Rg8 28. Nxf5 Nxf5 29. Qxf5 Qxf5 30. Rxf5 Rc7 31. Raf1 Rc4 32. a5 bxa5 33. Bxa7
Rg6 34. g3 a4 35. Rd1 Kg7 36. Bd4 Rc7 37. Kg2 Kf7 38. Rh5 Ke6 39. Kf3 Rgg7 40.
Rh4 Rb7 41. Rd2 Rgf7 42. Ke3 a3 43. bxa3 Rb3 44. Ra2 Rc7 45. a4 Bxd4+ 46. Rxd4
Rbxc3+ 47. Rd3 Rc2 48. Rda3 Rxa2 49. Rxa2 Kd5 50. a5 Ra7 51. a6 Kc5 52. Ke4 d5+
53. Kd3 h5 54. Ra5+ Kd6 55. Kd4 Ke6 56. Kc5 Ra8 57. a7 Ke5 58. Kc6 Ke4 59. Kb7
Rxa7+ 60. Kxa7 d4 61. Rxh5 d3 62. Rh8 f5 63. Rd8 1-0

[Event "Mistrovstvi CR senioru nad 60 let"]
[Site "?"]
[Date "2017.08.23"]
[Round "5"]
[White "Portych, Vaclav"]
[Black "Pribyl, Jaroslav"]
[Result "0-1"]
[WhiteElo "1869"]
[BlackElo "1944"]
[PlyCount "130"]
[EventDate "2017.08.19"]

1. c4 e5 2. Nc3 Nf6 3. Nf3 Nc6 4. g3 Bb4 5. Bg2 O-O 6. O-O e4 7. Ne1 Bxc3 8.
bxc3 Re8 9. Nc2 d6 10. Ne3 Be6 11. d4 exd3 12. exd3 d5 13. cxd5 Nxd5 14. Nxd5
Bxd5 15. Bxd5 Qxd5 16. Be3 Ne5 17. f4 Nxd3 18. Bd4 Qf5 19. Qf3 c5 20. Bf2 Nxf2
21. Rxf2 Qe4 22. Qxe4 Rxe4 23. Rd1 Re3 24. Rfd2 f6 25. f5 Kf7 26. g4 Rae8 27.
Kf2 g6 28. fxg6+ hxg6 29. h4 b6 30. a3 R3e5 31. Rd3 c4 32. Rd7+ R8e7 33. R1d2
Ra5 34. R7d4 Rxa3 35. Rxc4 Rb3 36. Rc6 Kg7 37. Rdd6 Rf7 38. Kg3 b5 39. g5 b4
40. gxf6+ Kh7 41. Rd3 a5 42. Re3 Rxc3 43. Rexc3 bxc3 44. Rxc3 Rxf6 45. Rc7+ Kh6
46. Ra7 Rf5 47. Kg4 Rb5 48. Ra8 Rb4+ 49. Kg3 a4 50. Ra7 Rb3+ 51. Kg4 Ra3 52. h5
gxh5+ 53. Kf4 h4 54. Ra6+ Kg7 55. Kg5 h3 56. Ra7+ Kg8 57. Kg6 Rg3+ 58. Kf6 h2
59. Ra8+ Kh7 60. Ra7+ Kh6 61. Ra8 Rf3+ 62. Ke5 Kg7 63. Ra7+ Kg6 64. Ra6+ Kg5
65. Ra8 Rf5+ 0-1

[Event "Mistrovstvi CR senioru nad 60 let"]
[Site "?"]
[Date "2017.08.23"]
[Round "5"]
[White "Franc, Lubor"]
[Black "Pilar, Miloslav"]
[Result "0-1"]
[WhiteElo "1865"]
[BlackElo "2160"]
[PlyCount "186"]
[EventDate "2017.08.19"]

1. e4 e6 2. d4 d5 3. e5 c5 4. c3 Bd7 5. Nf3 Qb6 6. Be2 Nc6 7. O-O Nge7 8. dxc5
Qxc5 9. b4 Qb6 10. b5 Na5 11. Be3 Qc7 12. Bd4 Ng6 13. a4 Nf4 14. Nbd2 b6 15. g3
Nxe2+ 16. Qxe2 Be7 17. Rfc1 Rc8 18. Ne1 O-O 19. Nd3 Qb7 20. Nb2 Rc7 21. Qd1 a6
22. Qe2 axb5 23. axb5 Rfc8 24. Rcb1 Bc5 25. Na4 Bxd4 26. cxd4 h6 27. Qd3 Nc4
28. Nf1 Ra8 29. Kg2 Ra5 30. Nc3 Qa8 31. Rxa5 Qxa5 32. Rb3 Qa1 33. Nb1 Qa4 34.
Na3 Nxa3 35. Rxa3 Bxb5 36. Qb3 Bxf1+ 37. Kxf1 Qxd4 38. Qd3 Qxd3+ 39. Rxd3 Rc1+
40. Ke2 Rc4 41. Rb3 Re4+ 42. Kf3 Rxe5 43. Rxb6 g6 44. Rb7 Kg7 45. g4 Re1 46. h4
Re5 47. Kf4 Re4+ 48. Kg3 g5 49. h5 Rf4 50. Re7 Kf6 51. Re8 Ra4 52. Rh8 d4 53.
Kf3 Ra5 54. Ke4 Rd5 55. Kd3 Rd7 56. f3 Kg7 57. Re8 Rd6 58. Re7 Kf6 59. Re8 e5
60. Rh8 Ke7 61. Rc8 Rf6 62. Ke2 Rd6 63. Kd3 Kf6 64. Rh8 Kg7 65. Re8 Re6 66. Rd8
Rf6 67. Ke2 Rf4 68. Rd7 e4 69. fxe4 Rxg4 70. Kd3 Rh4 71. e5 Kf8 72. Rd6 Rxh5
73. Kxd4 Rh1 74. Rf6 Kg7 75. Ra6 Re1 76. Ra2 h5 77. Rf2 h4 78. Rf5 Rg1 79. Ke3
h3 80. Rf2 Re1+ 81. Kf3 Rxe5 82. Kg4 Kg6 83. Kxh3 Re3+ 84. Kg2 f5 85. Ra2 g4
86. Kf2 Rc3 87. Ra6+ Kg5 88. Ra5 g3+ 89. Kg2 Kg4 90. Ra4+ f4 91. Kf1 Rc1+ 92.
Kg2 Rc2+ 93. Kf1 Kh3 0-1

[Event "Mistrovstvi CR senioru nad 60 let"]
[Site "?"]
[Date "2017.08.23"]
[Round "5"]
[White "Vlachopulos, Georgis"]
[Black "Jablecnik, Gustav"]
[Result "1-0"]
[WhiteElo "1844"]
[BlackElo "2109"]
[PlyCount "41"]
[EventDate "2017.08.19"]

1. e4 b6 2. d4 Bb7 3. Nc3 e6 4. Nf3 Nf6 5. Bd3 c5 6. O-O d5 7. exd5 Nxd5 8.
Nxd5 Bxd5 9. Be3 Nd7 10. c4 Bb7 11. d5 e5 12. Ng5 Nf6 13. f4 Bd6 14. fxe5 Bxe5
15. Nxf7 Kxf7 16. Qh5+ Kf8 17. Qxe5 Qe7 18. Qg3 Re8 19. Bf4 Qf7 20. Be5 Bc8 21.
Rf2 1-0

[Event "Mistrovstvi CR senioru nad 60 let"]
[Site "?"]
[Date "2017.08.23"]
[Round "5"]
[White "Majerik, Vladimir"]
[Black "Pospisil, Evzen"]
[Result "0-1"]
[WhiteElo "1809"]
[BlackElo "2064"]
[PlyCount "146"]
[EventDate "2017.08.19"]

1. d4 Nf6 2. Nf3 e6 3. Bg5 c5 4. c3 d5 5. e3 Qb6 6. Qb3 Bd6 7. Nbd2 Nbd7 8. Be2
h6 9. Bh4 Qxb3 10. axb3 b6 11. Bg3 Bxg3 12. hxg3 Bb7 13. O-O Ke7 14. Rfe1 a5
15. Bd3 Ne4 16. Bc2 f5 17. Nxe4 fxe4 18. Nd2 Rhc8 19. f3 exf3 20. Nxf3 Kd6 21.
Rad1 c4 22. bxc4 Rxc4 23. e4 a4 24. exd5 Bxd5 25. Nd2 Rcc8 26. Nb1 b5 27. Bd3
Rab8 28. Rc1 Bc4 29. Bc2 Nb6 30. Nd2 Bd5 31. Bg6 Nc4 32. Nxc4+ bxc4 33. Re2 Rc7
34. Ra1 Ra7 35. Bh5 Rb3 36. Bg6 a3 37. Rxa3 Raxa3 38. bxa3 Rxc3 39. Ra2 Kc6 40.
Kf2 Kb5 41. Bc2 Ka5 42. g4 Bc6 43. g3 Ba4 44. Bg6 Bd1 45. g5 hxg5 46. Bf7 Bg4
47. Bg6 Bf5 48. Bf7 Rd3 49. Re2 Rxd4 50. Bxe6 Bxe6 51. Rxe6 Ka4 52. Rc6 Kxa3
53. Ke3 Rd3+ 54. Ke2 Kb3 55. g4 Rd4 56. Rb6+ Kc2 57. Rg6 Re4+ 58. Kf3 Rf4+ 59.
Ke3 Rxg4 60. Rxg7 c3 61. Rh7 Rg1 62. Ke2 Rd1 63. Rg7 Rd5 64. Ke1 Re5+ 65. Kf2
Kd2 66. Rd7+ Kc1 67. Kf1 c2 68. Kf2 Kb2 69. Rb7+ Ka3 70. Rd7 Kb3 71. Kf1 Re4
72. Rb7+ Rb4 73. Rc7 Rc4 0-1

[Event "Mistrovstvi CR senioru nad 60 let"]
[Site "?"]
[Date "2017.08.23"]
[Round "5"]
[White "Novotny, Josef"]
[Black "Bednar, Jiri"]
[Result "1-0"]
[WhiteElo "2045"]
[BlackElo "1891"]
[PlyCount "43"]
[EventDate "2017.08.19"]

1. e3 e5 2. d3 g6 3. Nf3 Bg7 4. Nc3 d5 5. g3 c5 6. Bg2 Nc6 7. O-O Nge7 8. h3
O-O 9. e4 dxe4 10. Nxe4 b6 11. g4 f6 12. g5 f5 13. Nf6+ Bxf6 14. gxf6 Rxf6 15.
Bg5 Re6 16. Nxe5 Bb7 17. Nxc6 Bxc6 18. Bxc6 Rxc6 19. Re1 Rc7 20. Qe2 Kf8 21.
Qe5 Nc6 22. Qh8+ 1-0

[Event "Mistrovstvi CR senioru nad 60 let"]
[Site "?"]
[Date "2017.08.23"]
[Round "5"]
[White "Tsapanidis, Vasilis"]
[Black "Hlavac, Frantisek"]
[Result "1/2-1/2"]
[WhiteElo "1807"]
[BlackElo "1964"]
[PlyCount "57"]
[EventDate "2017.08.19"]

1. c4 e5 2. Nc3 Nf6 3. Nf3 Nc6 4. d4 d6 5. dxe5 Nxe5 6. Nxe5 dxe5 7. Qxd8+ Kxd8
8. Bg5 c6 9. O-O-O+ Kc7 10. Bxf6 gxf6 11. e3 Bb4 12. Kc2 Be6 13. Be2 Rad8 14.
Rxd8 Rxd8 15. Rd1 Rxd1 16. Nxd1 a6 17. Nc3 b5 18. cxb5 axb5 19. a3 Bxc3 20.
Kxc3 Kb6 21. b4 Bd5 22. g3 h6 23. f4 c5 24. bxc5+ Kxc5 25. Bh5 Be6 26. e4 Ba2
27. Be2 Bb1 28. Bf3 Ba2 29. Bh5 1/2-1/2

[Event "Mistrovstvi CR senioru nad 60 let"]
[Site "?"]
[Date "2017.08.23"]
[Round "5"]
[White "Horak, Vladimir"]
[Black "Pociejowski, Marek"]
[Result "1/2-1/2"]
[WhiteElo "1946"]
[BlackElo "1871"]
[PlyCount "27"]
[EventDate "2017.08.19"]

1. d4 d5 2. Nf3 Nf6 3. e3 Bf5 4. Bd3 Bxd3 5. Qxd3 a6 6. c4 c6 7. Nc3 e6 8. O-O
Be7 9. b3 O-O 10. a4 Nbd7 11. Ba3 Rc8 12. Bxe7 Qxe7 13. cxd5 cxd5 14. Rfc1
1/2-1/2

[Event "Mistrovstvi CR senioru nad 60 let"]
[Site "?"]
[Date "2017.08.23"]
[Round "5"]
[White "Sedlacek, Jan"]
[Black "Sobotnik, Petr"]
[Result "1/2-1/2"]
[WhiteElo "1808"]
[BlackElo "1920"]
[PlyCount "53"]
[EventDate "2017.08.19"]

1. e4 c6 2. d4 d5 3. Nc3 dxe4 4. Nxe4 Bf5 5. Ng3 Bg6 6. h4 h6 7. h5 Bh7 8. Nf3
Nd7 9. Bd3 Bxd3 10. Qxd3 Qc7 11. Bd2 Ngf6 12. Ne4 Nxe4 13. Qxe4 Nf6 14. Qe2
O-O-O 15. O-O-O e6 16. g3 Bd6 17. Kb1 Kb8 18. Ne5 Bxe5 19. dxe5 Nd5 20. c4 Ne7
21. Bc3 Kc8 22. Qf3 Rxd1+ 23. Rxd1 Rd8 24. g4 Rxd1+ 25. Qxd1 Qd7 26. Kc2 Qxd1+
27. Kxd1 1/2-1/2

[Event "Mistrovstvi CR senioru nad 60 let"]
[Site "?"]
[Date "2017.08.23"]
[Round "5"]
[White "Kohout, Jan"]
[Black "Kotyza, Bohumil"]
[Result "1/2-1/2"]
[WhiteElo "1919"]
[BlackElo "1810"]
[PlyCount "36"]
[EventDate "2017.08.19"]

1. e4 e6 2. d4 d5 3. Nd2 dxe4 4. Nxe4 Nd7 5. Nf3 Ngf6 6. Bd3 Be7 7. O-O O-O 8.
Re1 b6 9. c3 Bb7 10. Ng3 Rc8 11. h3 c5 12. Be3 cxd4 13. Bxd4 Bc5 14. Be2 Qc7
15. Qd2 Rfd8 16. Rad1 Nf8 17. Qe3 Bxd4 18. Rxd4 Rxd4 1/2-1/2

[Event "Mistrovstvi CR senioru nad 60 let"]
[Site "?"]
[Date "2017.08.23"]
[Round "5"]
[White "Novotny, Jaroslav"]
[Black "Oburka, Vladislav"]
[Result "1-0"]
[WhiteElo "1914"]
[BlackElo "1819"]
[PlyCount "89"]
[EventDate "2017.08.19"]

1. e4 c5 2. Nf3 a6 3. c3 e6 4. d4 cxd4 5. cxd4 d5 6. e5 Bb4+ 7. Nbd2 Ne7 8. a3
Ba5 9. b4 Bc7 10. Bd3 Ng6 11. g3 f5 12. h4 O-O 13. h5 Ne7 14. Nb3 h6 15. Bf4 b6
16. Qd2 Qe8 17. Rc1 Ra7 18. Rc3 Bd7 19. Qc1 Bd8 20. Bb1 Qf7 21. Qc2 Ba4 22. g4
Bxb3 23. Rxb3 Rc7 24. Qd3 Rc4 25. g5 Kh8 26. g6 Nxg6 27. hxg6 Qxg6 28. Qe3 Kh7
29. Bd3 Rc7 30. Ke2 Rh8 31. Rbb1 Kg8 32. Rbg1 Bg5 33. Bxg5 hxg5 34. Rxh8+ Kxh8
35. Qxg5 Qxg5 36. Nxg5 Rc6 37. Kd2 b5 38. Rc1 Rxc1 39. Kxc1 Nc6 40. Nxe6 g6 41.
Kd2 Kg8 42. Kc3 Kf7 43. Nc7 Ne7 44. Nxa6 g5 45. Bxb5 1-0

[Event "Mistrovstvi CR senioru nad 60 let"]
[Site "?"]
[Date "2017.08.23"]
[Round "5"]
[White "Korenek, Frantisek"]
[Black "Kasik, Miroslav"]
[Result "1-0"]
[WhiteElo "2075"]
[BlackElo "1809"]
[PlyCount "103"]
[EventDate "2017.08.19"]

1. e4 d5 2. exd5 Qxd5 3. Nc3 Qa5 4. d4 c6 5. Nf3 Nf6 6. Bc4 Bg4 7. h3 Bh5 8. g4
Bg6 9. Ne5 Nbd7 10. Nxg6 hxg6 11. Qe2 Nb6 12. Bb3 Nbd5 13. Bd2 Nxc3 14. Bxc3
Qc7 15. O-O-O Nd5 16. Bd2 e6 17. Kb1 O-O-O 18. Qf3 Nf6 19. Bg5 Be7 20. c4 Kb8
21. Be3 Rhf8 22. h4 Ka8 23. g5 Nh5 24. d5 e5 25. dxc6 Qxc6 26. Qxc6 bxc6 27.
Bc2 Rxd1+ 28. Rxd1 Rd8 29. Rxd8+ Bxd8 30. Be4 Kb7 31. Kc2 Nf4 32. b4 a6 33. a4
Kc7 34. Bc1 f6 35. gxf6 Bxf6 36. Bb2 Kd6 37. Kd2 c5 38. a5 Kc7 39. bxc5 Ne6 40.
Bxg6 Nxc5 41. h5 Nb3+ 42. Ke2 Nxa5 43. Bf7 Nc6 44. Ke3 a5 45. Ke4 Kd6 46. Bd5
Nb4 47. f4 Ke7 48. fxe5 Bg5 49. Bd4 Nxd5 50. cxd5 a4 51. Bb2 Ke8 52. d6 1-0

[Event "Mistrovstvi CR senioru nad 60 let"]
[Site "?"]
[Date "2017.08.24"]
[Round "6"]
[White "Chudinovskikh, Alexander M"]
[Black "Lorenc, Oldrich"]
[Result "1/2-1/2"]
[WhiteElo "2229"]
[BlackElo "2055"]
[PlyCount "41"]
[EventDate "2017.08.19"]

1. d4 Nf6 2. c4 e6 3. Nc3 d5 4. Nf3 Be7 5. Bf4 O-O 6. e3 c6 7. Qc2 Nbd7 8. h3
Qa5 9. Bd3 dxc4 10. Bxc4 b5 11. Bd3 b4 12. Qa4 Qb6 13. Ne4 c5 14. O-O Bb7 15.
Nfg5 h6 16. dxc5 Nxc5 17. Nxc5 Bxc5 18. Nf3 Nd5 19. Ne5 Nxf4 20. exf4 Rfd8 21.
Nd7 1/2-1/2